| 000 | 00511nam a2200181Ia 4500 | ||
|---|---|---|---|
| 005 | 20250508152549.0 | ||
| 008 | 008 250505s9999 xx 000 0 eng d | ||
| 037 | _aTextual | ||
| 040 |
_aFEDL _beng _cFEDL |
||
| 041 |
_aeng _2eng |
||
| 084 |
_a375, KRU _qFEDL |
||
| 100 |
_aKrug Edward A _991098 |
||
| 245 | 0 | _aAdministering curriculum planning | |
| 260 |
_aNew York, USA _bHarperĀ and Brothers Publisher _c1956 |
||
| 300 | _axi,324p. | ||
| 942 |
_cTEXL _h375, KRU |
||
| 999 |
_c1337274 _d1337274 |
||